| 000 | 02246nam a2200361 a 4500 | ||
|---|---|---|---|
| 001 | ebr10630621 | ||
| 003 | CaPaEBR | ||
| 006 | m u | ||
| 007 | cr cn||||||||| | ||
| 008 | 111012s2012 njua s 001 0 eng d | ||
| 010 | _z 2011042682 | ||
| 020 | _z9781118169964 (hardback) | ||
| 020 | _z1118169964 (hardback) | ||
| 020 | _z9781118226834 (e-book) | ||
| 040 |
_aCaPaEBR _cCaPaEBR |
||
| 035 | _a(OCoLC)806452537 | ||
| 050 | 1 | 4 |
_aHF5691 _b.B73 2012eb |
| 082 | 0 | 4 |
_a650.01/513 _223 |
| 100 | 1 | _aBragg, Steven M. | |
| 245 | 1 | 0 |
_aBusiness ratios and formulas _h[electronic resource] : _ba comprehensive guide / _cSteven M. Bragg. |
| 250 | _a3rd ed. | ||
| 260 |
_aHoboken, N.J. : _bWiley, _cc2012. |
||
| 300 |
_axvii, 355 p. : _bill. |
||
| 490 | 1 | _aWiley corporate F&A series | |
| 500 | _aIncludes index. | ||
| 520 |
_a"Business ratios, formulas, and statistics are used by controllers, business managers, and analyst to evaluate company operations and performance. This book presents a comprehensive resource of nearly 250 operational criteria, allowing managers to pick and choose the tools they need to best assess their organization's performance. The measurements contain not only financial matters but also those related to efficiency, effectiveness, capacity, and market share. In addition, measurements related to asset utilization, operating performance, cash flows, liquidity, capital structure, return on investment, and market performance.Each measurement includes a description, an explanation of the calculation, an example, and cautions regarding its use. There is also a description of an electronic spreadsheet to compile a standard set of measurements using Excel as the template.This new edition will include over 20 new measurements"-- _cProvided by publisher. |
||
| 533 |
_aElectronic reproduction. _bPalo Alto, Calif. : _cebrary, _d2011. _nAvailable via World Wide Web. _nAccess may be limited to ebrary affiliated libraries. |
||
| 650 | 0 | _aBusiness mathematics. | |
| 655 | 7 |
_aElectronic books. _2local |
|
| 710 | 2 | _aebrary, Inc. | |
| 830 | 0 | _aWiley corporate F & A. | |
| 856 | 4 | 0 |
_uhttp://site.ebrary.com/lib/rucke/Doc?id=10630621 _zAn electronic book accessible through the World Wide Web; click to view |
| 999 |
_c71645 _d71645 |
||